| Tag |
First Indicator |
Second Indicator |
Subfields |
| LEADER |
00000cam a2200000 i 4500 |
| 001 |
in00003489340 |
| 005 |
20151206123211.0 |
| 008 |
140619s2014 enka b 001 0 eng |
| 010 |
|
|
|a 2014021778
|
| 020 |
|
|
|a 9781107028333 (hardback)
|
| 020 |
|
|
|a 1107028337 (hardback)
|
| 020 |
|
|
|a 9781107611252 (paperback)
|
| 020 |
|
|
|a 1107611253 (paperback)
|
| 035 |
|
|
|a (OCoLC)ocn883304853
|
| 040 |
|
|
|a DLC
|e rda
|c DLC
|d TXA
|d UtOrBLW
|
| 049 |
|
|
|a TXAM
|
| 050 |
0 |
0 |
|a QA278
|b .H56 2014
|
| 082 |
0 |
0 |
|a 519.5/35
|2 23
|
| 100 |
1 |
|
|a Hilbe, Joseph M.,
|d 1944-
|e author.
|
| 245 |
1 |
0 |
|a Modeling count data /
|c Joseph M. Hilbe.
|
| 264 |
|
1 |
|a Cambridge ;
|a New York :
|b Cambridge University Press,
|c 2014.
|
| 300 |
|
|
|a xv, 283 pages :
|b illustrations ;
|c 25 cm.
|
| 336 |
|
|
|a text
|b txt
|2 rdacontent
|
| 337 |
|
|
|a unmediated
|b n
|2 rdamedia
|
| 338 |
|
|
|a volume
|b nc
|2 rdacarrier
|
| 504 |
|
|
|a Includes bibliographical references (pages 269-275) and index.
|
| 505 |
0 |
|
|a Preface -- chapter 1. Varieties of count data -- chapter 2. Poisson regression --chapter 3. Testing overdispersion -- chapter 4. Assessment of fit -- chapter 5. Negative binomial regression -- chapter 6. Poisson inverse Gaussian regression -- chapter 7. Problems with zeros -- chapter 8. Modeling underdispersed count data: generalized Poisson -- chapter 9. Complex data: more advanced models -- Appendix: SAS code.
|
| 520 |
|
|
|a This entry-level text offers clear and concise guidelines on how to select, construct, interpret and evaluate count data. Written for researchers with little or no background in advanced statistics, the book presents treatments of all major models using numerous tables, insets and detailed modeling suggestions. It begins by demonstrating the fundamentals of linear regression and works up to an analysis of the Poisson and negative binomial models, and to the problem of overdispersion. Examples in Stata, R and SAS code enable readers to adapt models for their own purposes, making the text an ideal resource for researchers working in public health, ecology, econometrics, transportation and other related fields.
|
| 650 |
|
0 |
|a Multivariate analysis.
|
| 650 |
|
0 |
|a Statistics.
|
| 650 |
|
0 |
|a Linear models (Statistics)
|
| 650 |
|
7 |
|a MATHEMATICS / Probability & Statistics / General.
|2 bisacsh
|
| 945 |
|
|
|a PromptCat
|
| 948 |
|
|
|a cataloged
|b h
|c 2014/10/9
|d c
|e dmitchel
|f 11:00:00 am
|
| 994 |
|
|
|a C0
|b TXA
|
| 999 |
|
|
|a MARS
|
| 999 |
f |
f |
|s 515d0e7c-8d97-337e-b969-ab2c03c70d46
|i 952c5f73-64e2-37de-a057-86e0cc0976cf
|t 0
|
| 952 |
f |
f |
|p normal
|a Texas A&M University
|b College Station
|c Sterling C. Evans Library
|d Evans: Library Stacks
|t 0
|e QA278 .H56 2014
|h Library of Congress classification
|i unmediated -- volume
|m A14840381914
|
| 998 |
f |
f |
|a QA278 .H56 2014
|t 0
|l Evans: Library Stacks
|